[Event "Ä13Ï"]
[Site "Loo"]
[Date "2017.04.24"]
[Round "5.37"]
[White "Àðåôüåâà, Îëüãà."]
[Black "Ëóá÷åíêîâà, Àíàñòàñèÿ."]
[Result "1-0"]
[WhiteElo "1212"]
[BlackElo "1413"]
[PlyCount "95"]
[EventDate "2017.04.20"]

1. e4 e5 2. Nf3 Nc6 3. Bb5 d6 4. O-O Bd7 5. c3 Nf6 6. d4 Be7 7. Re1 O-O 8. Nbd2
a6 9. Ba4 Re8 10. Nf1 Bf8 11. d5 Nb8 12. Bxd7 Qxd7 13. c4 a5 14. Ng3 g6 15. Bd2
c6 16. Bg5 Bg7 17. Qd2 Qe7 18. Bh6 Qf8 19. Bxg7 Kxg7 20. Qg5 Nfd7 21. Nh5+ Kh8
22. Nf6 Nxf6 23. Qxf6+ Kg8 24. Qh4 h6 25. Qg3 Nd7 26. Re3 Qg7 27. Qh3 Nc5 28.
Nh4 Kh7 29. Rae1 Qf6 30. Rf3 Qe7 31. Ree3 Rf8 32. a3 Qd7 33. Qg3 g5 34. Nf5 Kg6
35. b4 axb4 36. h4 bxa3 37. hxg5 hxg5 38. Nh4+ Kh7 39. Qxg5 Rg8 40. Qh5+ Kg7
41. Rg3+ Kf8 42. Qh6+ Ke7 43. Nf5+ Kd8 44. Rxg8+ Kc7 45. Rxa8 cxd5 46. cxd5 Na6
47. Rxa3 Qb5 48. Qxd6# 1-0

[Event "Ä13Ï"]
[Site "Loo"]
[Date "2017.04.24"]
[Round "5.39"]
[White "Îëåíèíà, Àë¸íà."]
[Black "Ïîêàñîâà, Èðèíà."]
[Result "0-1"]
[WhiteElo "1126"]
[BlackElo "1298"]
[PlyCount "144"]
[EventDate "2017.04.20"]

1. e4 c5 2. g3 d6 3. Bg2 Nf6 4. h3 g6 5. d3 Bg7 6. Nc3 Nc6 7. f4 Bd7 8. Nf3 Qb6
9. Rb1 O-O 10. Ne2 Rfc8 11. c3 Na5 12. Be3 Qc7 13. O-O c4 14. Ne1 cxd3 15. Qxd3
Qc4 16. Qxc4 Nxc4 17. Bc1 Bc6 18. b3 Nb6 19. f5 Bxe4 20. Bxe4 Nxe4 21. fxg6
hxg6 22. c4 Nc3 23. Nxc3 Bxc3 24. Bb2 Bxb2 25. Rxb2 d5 26. cxd5 Nxd5 27. Ng2
Rc3 28. Rbf2 Rf8 29. Rf3 Rxf3 30. Rxf3 Rc8 31. Rf2 Rc3 32. Kh2 Nb4 33. Nf4 e5
34. Ng2 Rc2 35. Rxc2 Nxc2 36. g4 Nb4 37. a3 Nc2 38. a4 Na1 39. b4 Nc2 40. b5
Kg7 41. Kg3 Kf6 42. Kf3 Ke6 43. Ke4 Nd4 44. Ne3 Nb3 45. Kf3 Nc5 46. a5 Nb3 47.
b6 a6 48. Nc4 Kd5 49. Ne3+ Kd4 50. Nc2+ Kc5 51. Ke4 Kd6 52. Nb4 Nxa5 53. Nd5
Nc6 54. g5 a5 55. h4 a4 56. Nf6 a3 57. h5 gxh5 58. Nxh5 a2 59. Ng3 a1=Q 60.
Nf5+ Kd7 61. Ne3 Qd4+ 62. Kf3 Qf4+ 63. Ke2 Nd4+ 64. Kd2 Qxg5 65. Kd3 f5 66. Kd2
f4 67. Nc4 Qg2+ 68. Kd3 Qf3+ 69. Kd2 Qe2+ 70. Kc3 Qc2+ 71. Kb4 Qb3+ 72. Kc5
Qb5# 0-1

[Event "Ä13Â"]
[Site "Loo"]
[Date "2017.04.24"]
[Round "5.1"]
[White "Íóð-Ìóõàìåòîâà, Àëèñà."]
[Black "Ìèðîíåíêî, Ãàëèíà."]
[Result "1/2-1/2"]
[WhiteElo "1723"]
[BlackElo "1956"]
[PlyCount "88"]
[EventDate "2017.04.20"]

1. d4 Nf6 2. Nf3 g6 3. g3 Bg7 4. Bg2 O-O 5. O-O d6 6. c4 Nbd7 7. Nc3 e5 8. e4
c6 9. Re1 Qc7 10. h3 a5 11. Be3 Re8 12. Qd2 exd4 13. Nxd4 Nc5 14. Bh6 Be6 15.
Bxg7 Kxg7 16. b3 Rad8 17. Nxe6+ Nxe6 18. Rad1 Nc5 19. Qd4 Qe7 20. f4 Kg8 21.
Qf2 Nfd7 22. g4 Qf6 23. Qg3 Nf8 24. g5 Qe7 25. h4 f6 26. Rd2 Nfe6 27. f5 Ng7
28. fxg6 hxg6 29. gxf6 Qxf6 30. Red1 Nh5 31. Qf3 Re6 32. Qxf6 Nxf6 33. Bh3 Re5
34. Rxd6 Rxd6 35. Rxd6 Nfxe4 36. Nxe4 Nxe4 37. Rxg6+ Kf7 38. Rh6 Kg7 39. Re6
Rxe6 40. Bxe6 Nc3 41. a4 Ne4 42. Bf5 Nd2 43. Bc8 b6 44. Bb7 c5 1/2-1/2

[Event "Ä13Â"]
[Site "Loo"]
[Date "2017.04.24"]
[Round "5.2"]
[White "ßêèìîâà, Ìàðèÿ."]
[Black "Ñòåïàíÿí, Ýâà."]
[Result "1/2-1/2"]
[WhiteElo "1730"]
[BlackElo "1938"]
[PlyCount "42"]
[EventDate "2017.04.20"]

1. e4 e5 2. Nf3 Nc6 3. d4 exd4 4. Nxd4 Bc5 5. Nxc6 Qf6 6. Qf3 dxc6 7. Bc4 Be6
8. Bxe6 Qxe6 9. O-O O-O-O 10. Nc3 Ne7 11. Be3 Bxe3 12. Qxe3 Kb8 13. Rad1 Rd6
14. Rxd6 cxd6 15. Rd1 Rd8 16. Qg3 Ng6 17. b3 Kc7 18. Qe3 Kb8 19. Qg3 Kc7 20.
Qe3 Kb8 21. Qg3 Kc7 1/2-1/2

[Event "Ä13Â"]
[Site "Loo"]
[Date "2017.04.24"]
[Round "5.3"]
[White "Ñîâèíà, Ìàðèÿ."]
[Black "Ïàðñåãÿí, Êñåíèÿ."]
[Result "1-0"]
[WhiteElo "1734"]
[BlackElo "1558"]
[PlyCount "55"]
[EventDate "2017.04.20"]

1. d4 Nf6 2. c4 g6 3. Nc3 Bg7 4. e4 d6 5. Nf3 O-O 6. h3 e5 7. d5 Nbd7 8. Bg5 a5
9. Be2 Nc5 10. Nd2 Qe8 11. g4 c6 12. Qc2 cxd5 13. exd5 e4 14. O-O-O a4 15. a3
Bd7 16. Rhe1 Rc8 17. Bf1 b5 18. Ncxe4 Qd8 19. Nxd6 Bf5 20. Nxf5 gxf5 21. Qxf5
bxc4 22. Nxc4 Nb3+ 23. Kb1 Rb8 24. Bd3 Nc5 25. Bc2 Qc8 26. Bf4 Qxf5 27. Bxf5
Rb7 28. Bd6 1-0

[Event "Ä13Â"]
[Site "Loo"]
[Date "2017.04.24"]
[Round "5.4"]
[White "Õóðõåñîâà, Âèêòîðèÿ."]
[Black "Ìåëåí÷óê, Îëüãà."]
[Result "1-0"]
[WhiteElo "1694"]
[BlackElo "1631"]
[PlyCount "99"]
[EventDate "2017.04.20"]

1. d4 Nf6 2. c4 e6 3. Nf3 b6 4. g3 Bb7 5. Bg2 Be7 6. O-O O-O 7. Nc3 d5 8. b3 c5
9. Ne5 a6 10. Ba3 Qc7 11. cxd5 Rd8 12. Rc1 Nxd5 13. Nxd5 Bxd5 14. Bxd5 Rxd5 15.
e3 Qd8 16. Nf3 a5 17. Qe2 Bf8 18. dxc5 bxc5 19. Rfd1 Na6 20. Rxd5 Qxd5 21. Rd1
Qb7 22. Ne5 Qc7 23. Bb2 Bd6 24. Qd3 Bxe5 25. Bxe5 Qe7 26. Qb5 Nb4 27. Rd7 Qe8
28. Ra7 f6 29. Qxe8+ Rxe8 30. Bb2 Nxa2 31. Rxa5 Nb4 32. Rxc5 Nd3 33. Rc2 Nxb2
34. Rxb2 Rb8 35. b4 Rb5 36. Kg2 Kf7 37. Kf3 Ke7 38. Ke4 Kd6 39. Kd4 g5 40. Kc4
Kc6 41. Ra2 Rb7 42. Ra6+ Rb6 43. b5+ Kb7 44. Kc5 Rxa6 45. bxa6+ Kxa6 46. Kd6 e5
47. Ke6 h5 48. Kxf6 h4 49. Kxg5 hxg3 50. fxg3 1-0

[Event "Ä13Â"]
[Site "Loo"]
[Date "2017.04.24"]
[Round "5.5"]
[White "Ìàëüöåâà, Åêàòåðèíà."]
[Black "×åðåïàíîâà, Ýâèòà."]
[Result "1-0"]
[WhiteElo "1671"]
[BlackElo "1612"]
[PlyCount "79"]
[EventDate "2017.04.20"]

1. e4 e6 2. d4 d5 3. e5 c5 4. c3 Qb6 5. a3 Nc6 6. Nf3 c4 7. g3 Na5 8. Nbd2 Bd7
9. Bh3 Ne7 10. O-O Qc7 11. Ne1 Nc8 12. f4 g6 13. g4 Bh6 14. f5 gxf5 15. gxf5
Rg8+ 16. Kh1 exf5 17. Bxf5 Bxf5 18. Rxf5 Qd7 19. Qf3 Nb6 20. Rf6 Bxd2 21. Bxd2
Nb3 22. Rd1 Qe7 23. Ng2 O-O-O 24. Rxf7 Qe6 25. Rf6 Qd7 26. Bf4 Rdf8 27. Rxf8+
Rxf8 28. Qe3 Qg4 29. Re1 Rg8 30. Bg3 Qe6 31. Nf4 Qe7 32. Qf3 Nd2 33. Nxd5 Nxd5
34. Qxd5 Rf8 35. Rd1 Nf3 36. Qxc4+ Kb8 37. Qb4 Qg7 38. Rf1 Qh6 39. Qd6+ Qxd6
40. exd6 1-0

[Event "Ä13Â"]
[Site "Loo"]
[Date "2017.04.24"]
[Round "5.6"]
[White "Êóçíåöîâà, Ìàðèíà."]
[Black "Åìåëüÿíîâà, Åëåíà."]
[Result "1-0"]
[WhiteElo "1649"]
[BlackElo "1504"]
[PlyCount "185"]
[EventDate "2017.04.20"]

1. e4 e5 2. Nf3 Nc6 3. Bb5 f5 4. Nc3 fxe4 5. Nxe4 Nf6 6. Nxf6+ Qxf6 7. Qe2 d6
8. d4 Bd7 9. dxe5 dxe5 10. Bg5 Qe6 11. Bxc6 Bxc6 12. Nd4 Qd5 13. Nxc6 bxc6 14.
Rd1 Qb5 15. Qxb5 cxb5 16. Rd5 c6 17. Rxe5+ Kf7 18. O-O Bd6 19. Re2 Rhe8 20. Rd2
Re6 21. Rfd1 Rae8 22. Kf1 Bc5 23. Bf4 a5 24. Rd7+ Kg8 25. Rd8 Re1+ 26. Rxe1
Rxd8 27. Be3 Bb4 28. c3 Bf8 29. Ke2 Kf7 30. Bb6 Re8+ 31. Kd2 Rxe1 32. Kxe1 a4
33. Kd2 Ke6 34. b3 axb3 35. axb3 Kd5 36. Kd3 c5 37. c4+ bxc4+ 38. bxc4+ Kc6 39.
Ba5 Bd6 40. Bc3 g6 41. g3 Kd7 42. Ke4 Ke6 43. f4 h5 44. h3 Kd7 45. Kd5 h4 46.
gxh4 Bxf4 47. Be5 Be3 48. Bd6 Bf2 49. h5 gxh5 50. Bxc5 Bh4 51. Bd6 Bf2 52. c5
h4 53. c6+ Kc8 54. Ke4 Be1 55. Kf3 Ba5 56. Kg4 Be1 57. Bf4 Bf2 58. Bh2 Be1 59.
Kf3 Kd8 60. Ke2 Bb4 61. Kd3 Be1 62. Ke4 Kc8 63. Kf4 Bf2 64. Kg4 Kd8 65. Be5 Kc8
66. Bf6 Kc7 67. Bxh4 Bd4 68. Kf5 Kxc6 69. Ke6 Be3 70. Bg3 Bg5 71. Kf5 Bd8 72.
Bf4 Bh4 73. Kg4 Be7 74. Bg5 Bf8 75. h4 Kd7 76. Kh5 Ke8 77. Kg6 Ba3 78. Kg7 Bb4
79. h5 Bc5 80. Kg8 Bf8 81. Bf4 Be7 82. h6 Bf6 83. h7 Ke7 84. Bh6 Ke6 85. Bg7
Bxg7 86. Kxg7 Kf5 87. h8=Q Kg4 88. Kf6 Kg3 89. Kf5 Kg2 90. Kf4 Kf1 91. Qh2 Ke1
92. Ke3 Kd1 93. Qd2# 1-0

[Event "Ä13Â"]
[Site "Loo"]
[Date "2017.04.24"]
[Round "5.7"]
[White "Êèð÷åé, Âèêòîðèÿ."]
[Black "Ñåì¸íîâà, Äàðüÿ."]
[Result "1/2-1/2"]
[WhiteElo "1814"]
[BlackElo "1429"]
[PlyCount "88"]
[EventDate "2017.04.20"]

1. e4 c5 2. d3 e6 3. g3 Nc6 4. Bg2 d5 5. Nd2 Nf6 6. f4 e5 7. exd5 Nxd5 8. Qe2
Be6 9. Ndf3 exf4 10. gxf4 Be7 11. h4 Qc7 12. Qd2 Bf6 13. Ng5 Nd4 14. c3 Nf5 15.
Qf2 Bxg5 16. hxg5 O-O-O 17. Ne2 h6 18. gxh6 Nxh6 19. Bd2 Ng4 20. Qg3 Rxh1+ 21.
Bxh1 g6 22. d4 c4 23. b3 Nh6 24. Rc1 Nf5 25. Qg1 Nb6 26. Rb1 Bd5 27. Bxd5 Nxd5
28. Qg2 Nfe3 29. Bxe3 Nxe3 30. Qe4 Nd5 31. b4 Qd7 32. Kd2 Re8 33. Qg2 Ne3 34.
Qg5 Qe6 35. Qc5+ Kb8 36. Qe5+ Qxe5 37. dxe5 Nf5 38. Rd1 Rd8+ 39. Ke1 Rxd1+ 40.
Kxd1 Ne3+ 41. Kd2 Nd5 42. a4 Kc7 43. Ke1 Kd7 44. Kf2 Ke6 1/2-1/2

[Event "Ä13Â"]
[Site "Loo"]
[Date "2017.04.24"]
[Round "5.8"]
[White "Âîñòðèêîâà, Ñòàíèñëàâà."]
[Black "Áîíäàðåâà, Äàðüÿ."]
[Result "1-0"]
[WhiteElo "1519"]
[BlackElo "1778"]
[PlyCount "85"]
[EventDate "2017.04.20"]

1. e4 e5 2. Nf3 Nc6 3. Bb5 Nd4 4. Nxd4 exd4 5. O-O h5 6. d3 c6 7. Bc4 Bc5 8.
Re1 d6 9. Qf3 Qf6 10. Qxf6 Nxf6 11. e5 dxe5 12. Rxe5+ Be7 13. Bg5 Kf8 14. Nd2
Bd7 15. Nf3 Bd8 16. h3 Bc7 17. Re2 c5 18. Rae1 Bd6 19. Ne5 Be8 20. Bf4 Rd8 21.
Bg5 Rc8 22. a4 a6 23. Bf4 Rd8 24. Bg5 Rc8 25. Bf4 Rd8 26. Bg5 Rc8 27. Bf4 Rd8
28. Bb3 Bb8 29. Bg5 Bc7 30. Nc4 b5 31. axb5 axb5 32. Ne5 Ra8 33. Nxf7 Bxf7 34.
Bxf7 Kxf7 35. Re7+ Kg6 36. Bxf6 Bd8 37. Bxg7 Rg8 38. R1e6+ Kg5 39. Rf7 Rxg7 40.
f4+ Kh4 41. Rxg7 Bc7 42. g3+ Kxh3 43. Rh6 1-0

[Event "Ä13Â"]
[Site "Loo"]
[Date "2017.04.24"]
[Round "5.9"]
[White "Àëåêñååíêî, Ìàðèÿ."]
[Black "Ðåãåð, Âàëåðèÿ."]
[Result "1-0"]
[WhiteElo "1684"]
[BlackElo "1388"]
[PlyCount "87"]
[EventDate "2017.04.20"]

1. c4 e6 2. Nf3 d5 3. b3 Nf6 4. Bb2 b6 5. g3 Bb7 6. Bg2 Bd6 7. O-O O-O 8. d3
Re8 9. e3 Nbd7 10. Nbd2 c6 11. Qc2 e5 12. Nh4 Qc7 13. Nf5 Rab8 14. Nxd6 Qxd6
15. h3 d4 16. exd4 exd4 17. Nf3 c5 18. Rae1 Bc6 19. Bc1 Qf8 20. Bf4 Rbc8 21. g4
Rxe1 22. Rxe1 Re8 23. Qd2 Rxe1+ 24. Nxe1 Qa8 25. Qe2 g6 26. g5 Bxg2 27. Nxg2
Nh5 28. Bh2 Qd8 29. h4 Ng7 30. Nf4 Nf8 31. Nd5 Nfe6 32. Nf6+ Kh8 33. Qe5 Qc8
34. f3 Qa8 35. Kf2 Qc8 36. Ng4 Qd8 37. Nh6 Qf8 38. Qf6 Nd8 39. Be5 a6 40. a4 a5
41. Kg2 b5 42. axb5 Nb7 43. Nxf7+ Kg8 44. Nh6+ 1-0

[Event "Ä13Â"]
[Site "Loo"]
[Date "2017.04.24"]
[Round "5.10"]
[White "Êàìàðîâà, Æàíáîòà."]
[Black "Áîäíàðóê, Êñåíèÿ."]
[Result "0-1"]
[WhiteElo "1501"]
[BlackElo "1677"]
[PlyCount "136"]
[EventDate "2017.04.20"]

1. d4 Nf6 2. c4 e6 3. Nf3 d5 4. Nc3 Be7 5. Bg5 O-O 6. e3 h6 7. Bf4 c6 8. Rc1
Nbd7 9. Bd3 b6 10. cxd5 exd5 11. O-O Nh5 12. Ne5 Nxe5 13. Bxe5 Nf6 14. a3 Bd6
15. Bxd6 Qxd6 16. Qc2 Ng4 17. g3 Bd7 18. Rfd1 f5 19. h3 Nxe3 20. fxe3 Qxg3+ 21.
Qg2 Qxe3+ 22. Kh1 g5 23. Rc2 f4 24. Kh2 f3 25. Qg3 Qf4 26. Qxf4 Rxf4 27. Rf2
Rh4 28. Bf1 Rf8 29. Rd3 Rhf4 30. Kg3 g4 31. hxg4 Bxg4 32. Bh3 h5 33. Bxg4 Rxg4+
34. Kh3 Rff4 35. Rdxf3 Rh4+ 36. Kg2 Rxf3 37. Kxf3 Rxd4 38. Rh2 h4 39. Ke3 Rc4
40. Kd3 Rg4 41. Ne2 c5 42. Nc3 Kf7 43. Kc2 d4 44. Nb5 a6 45. Nc7 Kg6 46. Nd5
Kg5 47. Kd2 Rg3 48. Nxb6 h3 49. Ke1 Kg4 50. Nc4 d3 51. b3 Kf4 52. Rf2+ Kg4 53.
Ne5+ Kh4 54. Nc4 Rg1+ 55. Kd2 Rg2 56. Rxg2 hxg2 57. Ne5 Kg3 58. Nxd3 g1=Q 59.
Kc3 Qd4+ 60. Kc2 a5 61. a4 Kf3 62. Nb2 Ke2 63. Nc4 Qd3+ 64. Kb2 Kd1 65. Ka3 Qb1
66. Nb2+ Ke2 67. b4 cxb4+ 68. Kb3 Kd2 0-1

[Event "Ä13Â"]
[Site "Loo"]
[Date "2017.04.24"]
[Round "5.11"]
[White "Ðàçóâàåâà, Åêàòåðèíà."]
[Black "Äàøèíà, Ñîôèÿ."]
[Result "0-1"]
[WhiteElo "1270"]
[BlackElo "1644"]
[PlyCount "94"]
[EventDate "2017.04.20"]

1. e4 e5 2. d4 exd4 3. Nf3 Nc6 4. Nxd4 Nf6 5. Nxc6 bxc6 6. Bd3 d6 7. O-O g6 8.
Bg5 Bg7 9. c3 O-O 10. f4 Qe7 11. Qf3 d5 12. Rf2 Qc5 13. e5 Ng4 14. h3 Qxf2+ 15.
Qxf2 Nxf2 16. Kxf2 Rb8 17. b3 f6 18. exf6 Bxf6 19. Bxf6 Rxf6 20. g3 Bxh3 21.
Nd2 Bg4 22. c4 Re8 23. Nf1 Rfe6 24. Nh2 Be2 25. Bxe2 Rxe2+ 26. Kg1 Re1+ 27.
Rxe1 Rxe1+ 28. Kf2 Ra1 29. Nf3 Rxa2+ 30. Nd2 Rxd2+ 31. Ke3 Rb2 32. cxd5 Rxb3+
33. Kd4 cxd5 34. Kxd5 a5 35. Kc6 a4 36. g4 a3 37. Kxc7 a2 38. f5 gxf5 39. gxf5
a1=Q 40. Kd6 Qe1 41. f6 Rd3+ 42. Kc5 Qc3+ 43. Kb5 Rd8 44. f7+ Kxf7 45. Ka4 Qc7
46. Kb5 Rb8+ 47. Ka6 Qb6# 0-1

[Event "Ä13Â"]
[Site "Loo"]
[Date "2017.04.24"]
[Round "5.12"]
[White "Ñîñíèíà, Íàäåæäà."]
[Black "Ìàêàðåíêî, Åëèçàâåòà."]
[Result "0-1"]
[WhiteElo "1610"]
[BlackElo "1386"]
[PlyCount "84"]
[EventDate "2017.04.20"]

1. e4 c5 2. a3 Nc6 3. b4 cxb4 4. axb4 Nxb4 5. d4 e6 6. c3 Nc6 7. Bd3 d6 8. f4
Nf6 9. Nf3 Be7 10. O-O O-O 11. e5 dxe5 12. fxe5 Nd7 13. Qe2 f6 14. exf6 Nxf6
15. Ng5 Nxd4 16. Qe3 Nb3 17. Qh3 h6 18. Ra4 Nxc1 19. Rxc1 hxg5 20. Rf1 Bd7 21.
Ra2 a6 22. Bg6 e5 23. Qe3 Rc8 24. Kh1 Nd5 25. Rxf8+ Qxf8 26. Qe1 Qf6 27. Be4
Bc6 28. Rf2 Qd6 29. Rd2 Qc5 30. Bf5 Rf8 31. Be6+ Kh8 32. h3 Nf4 33. Kh2 Nxe6
34. Qd1 Be8 35. Rd5 Qf2 36. Rd2 Qf4+ 37. Kg1 Bc5+ 38. Kh1 Qf1+ 39. Qxf1 Rxf1+
40. Kh2 Rxb1 41. Rd5 Bc6 42. Rxe5 Bd6 0-1

[Event "Ä13Â"]
[Site "Loo"]
[Date "2017.04.24"]
[Round "5.13"]
[White "Ôðîëîâà, Ëàäà."]
[Black "Êðóïíîâà, Àííà."]
[Result "0-1"]
[WhiteElo "1475"]
[BlackElo "1556"]
[PlyCount "58"]
[EventDate "2017.04.20"]

1. e4 c5 2. c3 d6 3. d4 Nf6 4. Bd3 g6 5. Nf3 Bg7 6. O-O O-O 7. Re1 Nc6 8. Bf4
Bg4 9. d5 Nb8 10. Nbd2 a6 11. h3 Bxf3 12. Nxf3 Nbd7 13. Qd2 Re8 14. c4 Nh5 15.
Bg5 Ne5 16. Nxe5 Bxe5 17. Rab1 Qd7 18. b4 Rab8 19. bxc5 dxc5 20. Qa5 Bd4 21.
Be3 e6 22. Bxd4 cxd4 23. e5 exd5 24. cxd5 Nf4 25. Bc4 b5 26. Qxa6 bxc4 27. Rxb8
Rxb8 28. Qxc4 Qxd5 29. Qc7 Qxg2# 0-1

[Event "Ä13Â"]
[Site "Loo"]
[Date "2017.04.24"]
[Round "5.14"]
[White "Íàñûðîâà, Åêàòåðèíà."]
[Black "Ôåäîðè÷åâà, Åêàòåðèíà."]
[Result "1-0"]
[WhiteElo "1955"]
[BlackElo "1482"]
[PlyCount "91"]
[EventDate "2017.04.20"]

1. d4 Nf6 2. c4 g6 3. Nc3 Bg7 4. e4 d6 5. Be2 O-O 6. Nf3 c6 7. O-O Qc7 8. Ne1
e5 9. d5 Nbd7 10. Be3 a6 11. Rc1 c5 12. a3 Nb6 13. b3 h5 14. f3 Bd7 15. Nd3
Rae8 16. Nb2 Kh7 17. Bf2 Bh6 18. Rc2 Ng8 19. b4 cxb4 20. axb4 f5 21. c5 dxc5
22. bxc5 Nc8 23. Qa1 fxe4 24. Nxe4 Bf5 25. Bd3 Nf6 26. d6 Qc6 27. Re1 Bxe4 28.
Rxe4 Nxe4 29. Bxe4 Qd7 30. Nc4 Bg7 31. Qb1 b6 32. c6 Qf7 33. d7 Rd8 34. dxc8=Q
Rxc8 35. Nd6 Qc7 36. Nxc8 Qxc8 37. Bxb6 Qe6 38. c7 Qc8 39. Rd2 Bf6 40. Bxg6+
Kh6 41. Qf5 Bg5 42. Qxc8 Rxc8 43. Bf5 Rxc7 44. Rd6+ Kg7 45. Bxc7 Be3+ 46. Kf1
1-0

[Event "Ä13Â"]
[Site "Loo"]
[Date "2017.04.24"]
[Round "5.15"]
[White "Òî÷èëêèíà, Åêàòåðèíà."]
[Black "Ïîðòíîâà, Êñåíèÿ."]
[Result "1-0"]
[WhiteElo "1633"]
[BlackElo "1510"]
[PlyCount "145"]
[EventDate "2017.04.20"]

1. e4 e5 2. Nf3 Nf6 3. d4 Nxe4 4. Bd3 d5 5. Nxe5 Nd7 6. Qe2 Nxe5 7. Bxe4 Qh4 8.
Bd3 Qxd4 9. f4 Bb4+ 10. Kf1 O-O 11. Qxe5 Qxe5 12. fxe5 f6 13. e6 Bxe6 14. c3
Bc5 15. Bf4 c6 16. Nd2 d4 17. Nb3 Bxb3 18. axb3 dxc3 19. bxc3 Rad8 20. Rd1 Rde8
21. Bg3 Ba3 22. Bf2 b6 23. Bg3 g5 24. Ra1 Bb2 25. Rxa7 f5 26. Be1 b5 27. Ra2
Re3 28. Rxb2 Rxd3 29. Ke2 Rd5 30. Rd2 Re5+ 31. Kd1 Re3 32. Kc2 Rfe8 33. Bf2 Re2
34. Kd1 R2e4 35. Re1 Rxe1+ 36. Bxe1 Ra8 37. Rd6 Ra2 38. Bd2 Ra1+ 39. Ke2 Rg1
40. Kf2 Rd1 41. Rd8+ Kf7 42. Bxg5 Rb1 43. b4 Rb3 44. Bd2 Rb2 45. Ke3 Ke7 46.
Rh8 f4+ 47. Kd3 Kd6 48. Rxh7 Ke5 49. Rh5+ Kd6 50. Bxf4+ Ke6 51. Re5+ Kf6 52.
Re2 Rb1 53. g4 Rf1 54. g5+ Kf5 55. Be3 Rd1+ 56. Rd2 Rh1 57. Rg2 Kg6 58. Bg1 Kg7
59. Ke2 Kg6 60. Kf2 Kg7 61. Rg3 Kg6 62. Kg2 Rxg1+ 63. Kxg1 Kg7 64. g6 Kg8 65.
g7 Kf7 66. g8=Q+ Kf6 67. Rf3+ Ke5 68. Qe8+ Kd5 69. Rd3+ Kc4 70. Qe4+ Kb3 71.
c4+ Ka4 72. cxb5 cxb5 73. Qa8+ 1-0

[Event "Ä13Â"]
[Site "Loo"]
[Date "2017.04.24"]
[Round "5.16"]
[White "Çàâèâàåâà, Ýìèëèÿ."]
[Black "Êðàìàðåíêî, Åëåíà."]
[Result "1-0"]
[WhiteElo "1490"]
[BlackElo "1527"]
[PlyCount "97"]
[EventDate "2017.04.20"]

1. Nf3 c5 2. c4 Nc6 3. g3 g6 4. Bg2 Bg7 5. O-O Nf6 6. d3 O-O 7. Nc3 d6 8. Qd2
Bd7 9. b3 a6 10. Bb2 Qc7 11. e4 e5 12. Ne1 Nh5 13. f4 f5 14. Nd5 Qd8 15. Nf3
Nf6 16. fxe5 dxe5 17. Nxe5 Nxe5 18. Bxe5 Nxe4 19. dxe4 Bxe5 20. Rad1 Rb8 21.
exf5 Bxf5 22. Kh1 b5 23. Qe2 Re8 24. g4 Qh4 25. Bf3 Bd7 26. Qf2 Qxf2 27. Rxf2
Be6 28. Re2 Bd4 29. Nc7 Rf8 30. Nxa6 Rb6 31. Rxe6 Rxa6 32. Rxa6 Rxf3 33. cxb5
Rf2 34. b6 Be5 35. b7 Kg7 36. g5 Rf7 37. Rb6 Bb8 38. Rd8 Bc7 39. b8=Q Bxb8 40.
Rbxb8 Ra7 41. a4 Kf7 42. Rd6 Ke7 43. Rc6 Kd7 44. Rf6 Ke7 45. Rh8 Ra5 46. Rxh7+
Ke8 47. Rc6 Kd8 48. Rxg6 Rxa4 49. Rg8# 1-0

[Event "Ä13Â"]
[Site "Loo"]
[Date "2017.04.24"]
[Round "5.17"]
[White "Òîêìàêîâà, Óëüÿíà."]
[Black "Øåñòàêîâà, Áîãäàíà."]
[Result "0-1"]
[WhiteElo "1315"]
[BlackElo "1526"]
[PlyCount "90"]
[EventDate "2017.04.20"]

1. Nf3 Nf6 2. b3 d5 3. Bb2 g6 4. e3 Bg7 5. Be2 O-O 6. O-O Nc6 7. d3 Re8 8. Ne5
Nxe5 9. Bxe5 c6 10. Nd2 Nd7 11. Bxg7 Kxg7 12. f4 e5 13. f5 Qb6 14. Rf3 Nf6 15.
fxg6 fxg6 16. Qf1 Bf5 17. Kh1 Rf8 18. e4 dxe4 19. dxe4 Nxe4 20. Nc4 Qc5 21. a3
b5 22. b4 Qe7 23. Ne3 Nd2 24. Nxf5+ Rxf5 25. Qe1 Nxf3 26. Bxf3 Qf6 27. h3 Rf8
28. Qe4 Rf4 29. Qxc6 Qxc6 30. Bxc6 Rf1+ 31. Rxf1 Rxf1+ 32. Kh2 a6 33. Bb7 Rf6
34. Kg1 Kh6 35. Bd5 Kg5 36. c4 bxc4 37. Bxc4 Rb6 38. Kf2 Kf4 39. Bd3 e4 40. Bc4
e3+ 41. Ke2 Ke4 42. Bd3+ Kd4 43. Bb1 Rf6 44. g4 Rf2+ 45. Ke1 Kc3 0-1

[Event "Ä13Â"]
[Site "Loo"]
[Date "2017.04.24"]
[Round "5.19"]
[White "Íèêóëèíà, Àíàñòàñèÿ."]
[Black "Êàñàåâà, Ñîôèÿ."]
[Result "1/2-1/2"]
[WhiteElo "1562"]
[BlackElo "1661"]
[PlyCount "112"]
[EventDate "2017.04.20"]

1. e4 c5 2. Nf3 e6 3. d4 cxd4 4. Nxd4 a6 5. Nc3 Qc7 6. Be2 Nf6 7. O-O Be7 8.
Be3 O-O 9. Qd2 d6 10. a3 b5 11. f4 Bb7 12. Bf3 Nbd7 13. Rfe1 Nb6 14. Bf2 Nc4
15. Qc1 Nd7 16. Bg4 Bf6 17. Be2 Ndb6 18. Bd3 e5 19. fxe5 Bxe5 20. Nce2 d5 21.
Ng3 Bf4 22. Qd1 Nxb2 23. Qg4 N2c4 24. Ndf5 g6 25. exd5 Rae8 26. Bd4 Be5 27.
Nh6+ Kh8 28. Bxc4 Nxc4 29. Bxe5+ Nxe5 30. Qd4 f6 31. Re2 Qg7 32. Ng4 Nxg4 33.
Rxe8 Rxe8 34. Qxg4 f5 35. Qd1 Rd8 36. d6 Qf6 37. Rb1 Rxd6 38. Qe2 Qd4+ 39. Kh1
Rd8 40. h3 Qd6 41. Nf1 Be4 42. Ra1 Qe5 43. Re1 Qc3 44. a4 Qxh3+ 45. Kg1 Qc3 46.
axb5 axb5 47. Qxb5 Qd4+ 48. Kh1 Bxc2 49. Re8+ Kg7 50. Rxd8 Qxd8 51. Qb2+ Qf6
52. Qxc2 Qh4+ 53. Kg1 Qd4+ 54. Kh1 Qh4+ 55. Kg1 Qd4+ 56. Kh1 Qh4+ 1/2-1/2

[Event "Ä13Â"]
[Site "Loo"]
[Date "2017.04.24"]
[Round "5.20"]
[White "Äèâååâà, Äàðüÿ."]
[Black "Êàðïîâà, Ëàðèñà."]
[Result "1-0"]
[WhiteElo "1451"]
[BlackElo "1608"]
[PlyCount "145"]
[EventDate "2017.04.20"]

1. d4 d5 2. e3 c6 3. c3 Bf5 4. f4 e6 5. Nf3 Nf6 6. Bd3 Bg6 7. O-O Be7 8. Ne5
Nbd7 9. Nxg6 hxg6 10. Nd2 Qc7 11. Nf3 Ne4 12. Qc2 Ndf6 13. Ne5 Bd6 14. c4 Qe7
15. c5 Bc7 16. Qa4 Bxe5 17. fxe5 Ng4 18. h3 Nh6 19. Bxe4 dxe4 20. Qc2 Nf5 21.
Qf2 O-O-O 22. Bd2 Rh7 23. Be1 g5 24. g4 Nh6 25. Qg2 Rdh8 26. Qxe4 Ng8 27. Qf3
f6 28. Bg3 Rxh3 29. Kg2 R3h6 30. Rh1 Rxh1 31. Rxh1 Rxh1 32. Kxh1 Nh6 33. Kg2
Nf7 34. Qe4 Qd7 35. exf6 gxf6 36. Qg6 f5 37. Qg8+ Nd8 38. Qxg5 Qd5+ 39. Kh2 Qf3
40. Qf4 Qxf4 41. Bxf4 fxg4 42. Kg3 Kd7 43. Kxg4 Nf7 44. Kh5 b6 45. b4 bxc5 46.
bxc5 a6 47. Kg6 Nd8 48. Be5 Nb7 49. Kg5 Na5 50. Kg4 Nc4 51. Bf4 a5 52. Kf3 a4
53. Ke2 Kc8 54. Kd3 Na5 55. Kc3 Kb7 56. Kb4 Ka6 57. Bc7 Nb7 58. Bb6 a3 59. Ka4
Nxc5+ 60. Bxc5 Kb7 61. Ka5 Kc7 62. Ka6 Kc8 63. Kb6 Kd7 64. Kb7 e5 65. dxe5 Ke6
66. Kxc6 Kxe5 67. Bxa3 Ke4 68. Bc5 Kd3 69. a4 Ke4 70. a5 Kd3 71. a6 Kc4 72. a7
Kd3 73. a8=Q 1-0

[Event "Ä13Â"]
[Site "Loo"]
[Date "2017.04.24"]
[Round "5.21"]
[White "Êóäðÿâöåâà, Àíàñòàñèÿ."]
[Black "Áîðîäêèíà, Ñîôèÿ."]
[Result "1/2-1/2"]
[WhiteElo "1413"]
[BlackElo "1576"]
[PlyCount "71"]
[EventDate "2017.04.20"]

1. Nf3 c5 2. g3 Nf6 3. Bg2 e6 4. O-O d5 5. d3 Bd6 6. Nbd2 O-O 7. e4 Nc6 8. Re1
Qc7 9. h4 b6 10. Nf1 Bb7 11. Qe2 Nd7 12. N1h2 d4 13. Ng4 e5 14. Ng5 Bc8 15. Rf1
Be7 16. f4 Nf6 17. f5 h6 18. Nxf6+ Bxf6 19. Nh3 Ba6 20. Qh5 c4 21. g4 cxd3 22.
cxd3 Bxd3 23. Rd1 Be2 24. Re1 d3 25. Bf1 Qd8 26. Bxe2 Bxh4 27. Bxh6 gxh6 28.
Qxh6 dxe2 29. g5 Qd4+ 30. Kh2 Bxe1 31. g6 fxg6 32. Qxg6+ Kh8 33. Qh6+ Kg8 34.
Qg6+ Kh8 35. Qh6+ Kg8 36. Qg6+ 1/2-1/2

[Event "Ä13Â"]
[Site "Loo"]
[Date "2017.04.24"]
[Round "5.22"]
[White "Ãðèãîðÿí, Ñîíà."]
[Black "Öàìàëàèäçå, Ëèàíà."]
[Result "0-1"]
[WhiteElo "1527"]
[BlackElo "1349"]
[PlyCount "80"]
[EventDate "2017.04.20"]

1. e4 c5 2. Nf3 g6 3. d4 Bg7 4. d5 Qa5+ 5. Bd2 Qc7 6. Nc3 d6 7. Be2 Nf6 8. O-O
O-O 9. Re1 e6 10. Bc4 a6 11. a4 Qe7 12. Bg5 h6 13. Bh4 Nbd7 14. a5 e5 15. Qd3
g5 16. Bg3 Nh5 17. Nd2 Nxg3 18. Qxg3 Nf6 19. Na4 Nd7 20. Be2 Rb8 21. Nc4 f5 22.
exf5 Rxf5 23. Bg4 Rf4 24. Be6+ Kh8 25. b3 Nf6 26. Bxc8 Rxc8 27. Nab6 Rf8 28. f3
e4 29. Re3 Nh5 30. Qh3 Bxa1 31. Qxh5 Bd4 32. Qxh6+ Kg8 33. Qg6+ Qg7 34. Qe6+
Kh8 35. Qxd6 Bxe3+ 36. Nxe3 exf3 37. g3 f2+ 38. Kf1 Qa1+ 39. Ke2 Qe1+ 40. Kd3
Rd4# 0-1